000 00233nam a22001097a 4500
041 _aENG
245 _aSpecification For Cashew Kernels
260 _aNew Delhi
_bBIS
_c1975
300 _a09
650 _aBIS Code
856 _uBIS Code
999 _c2088
_d2088